Bell Biv DeVoe Discography - Statistics

General Stats
  • This quiz has been taken 7 times
  • The average score is 3 of 6
Answer Stats
Year Name Type % Correct
1990 Poison Album
100%
2001 BBD Album
40%
2000 Bell Biv DeVoe Greatest Hits Compilation
40%
1993 Hootie Mack Album
40%
2017 Three Stripes Album
40%
1991 WBBD-Bootcity!: The Remix Album Remix Album
20%
No matching quizzes found
Score Distribution
Percent of People with Each Score
Percentile by Number Answered
Your Score History
You have not taken this quiz